000 01266cam a2200313 a 4500
999 _c17279
_d17279
001 11772030
003 ARRUPE
005 20170531123443.0
008 990803s1997 sw ab b 000 0 eng
010 _a 99232648
035 _a(DLC) 99232648
040 _aDLC
_cDLC
_dDLC
043 _af-rh---
050 0 0 _aDT2906
_b.C38 1997
082 0 0 _a968.91/01
_221
245 0 0 _aCaves, monuments, and texts :
_bZimbabwean archaeology today /
_cedited by Gilbert Pwiti.
260 _aUppsala, Sweden :
_bDepartment of Archaeology and Ancient History, Uppsala University,
_c1997.
300 _a159 p. :
_bill., maps ;
_c21 cm.
440 0 _aStudies in African archaeology,
_x0284-5040 ;
_v14
_931765
504 _aIncludes bibliographical references.
650 0 _aAntiquities, Prehistoric
_zZimbabwe.
_931766
650 0 _aExcavations (Archaeology)
_zZimbabwe.
_931767
650 0 _aArchaeology
_zZimbabwe.
_931768
651 0 _aZimbabwe
_xAntiquities.
_99546
700 1 _aPwiti, Gilbert.
_931769
710 2 _aUppsala universitet.
_bInstitutionen för arkeologi och antik historia.
_931770
906 _a7
_bcbc
_corignew
_d3
_encip
_f19
_gy-gencatlg
942 _2lcc
_cMONOGRAPH